000 00592nam a2200229Ia 4500
003 OSt
005 20220924153558.0
006 a|||||r|||| 00| 0
007 ta
008 220923b |||||||| |||| 00| 0 tam d
024 _a350826
037 _cTextual
040 _aARTS
_cARTS
_btam
041 _2tam
_atam
082 _aY73(P31):1, 31P4
100 _aJothirani K.A
_9229278
245 0 _aThanizhar paspattu kalathil chadangnkal
260 _c2004
650 _aSOCIOLOGY
942 _hY73(P31):1, 31P4
_cTEXL
_2CC
999 _c474122
_d474122